Stacje metra Warszawskiego M1 i M2 - Statystyki

Ogólne statystyki
  • Ten quiz został rozwiązany 45 razy
    35 od ostatniego zresetowania
  • Średni wynik to 30 z 39
Statystyki odpowiedzi
Dzielnice M1i M2 % Poprawnych
Żoliborz Plac wilsona
96%
Śródmieście Centrum
92%
Ursynów Kabaty
92%
Śródmieście Świętokrzyska
92%
Śródmieście Świętokrzyska
92%
Ursynów Imielin
88%
Bielany Młociny
88%
Ursynów Natolin
88%
Mokotów Pole Mokotowskie
88%
Praga-północ Dworzec wileński
84%
Śródmieście Politechnika
84%
Mokotów Służew
84%
Praga-północ Stadion narodowy
84%
Ursynów Stokłosy
84%
Bemowo Bemowo
80%
Śródmieście Dworzec gdański
80%
Śródmieście Ratusz-Arsenał
80%
Ursynów Ursynów
80%
Bielany Wawrzyszew
80%
Mokotów Wilanowska
76%
Wola Księcia Janusza
72%
Mokotów Racławicka
72%
Wola Rondo Daszyńskiego
72%
Wola/Śródmieście Rondo ONZ
72%
Bielany Słodowiec
72%
Bielany Stare bielany
72%
Praga-północ Szwedzka
72%
Targówek Targówek Mieszkaniowy
72%
Wola Ulrychów
72%
Mokotów Wierzbno
72%
Śródmieście Centrum nauki Kopernik
68%
Żoliborz Marymont
68%
Wola Płocka
68%
Targówek Bródno
64%
Śródmieście Nowy świat-uniwersytet
60%
Targówek Zacisze
60%
Targówek Kondratowicza
56%
Wola Młynów
56%
Targówek Trocka
56%
Nie znaleziono quizów pasujących do podanych kryteriów
Rozkład punktacji
Procent ludzi z każdym wynikiem
Percentyl według liczby udzielonych odpowiedzi
Twoja historia wyników
Nie rozwiązałeś tego quizu od ostatniego zresetowania